000 01134nam a22003737a 4500
003 CHAP
005 20220817043926.0
008 040204d2003 it rn 00110 spa d
010 _a88034
011 _a89006
020 _a9253049189
035 _a99555
040 _cCHAP
082 0 4 _a641
_bF3Y v.75
110 2 _aFAO
245 1 0 _aEvaluación de riesgos de Campylobacter spp. en pollos para asar y vibrio spp. en pescados y mariscos
_c/por FAO
260 _aRoma :
_bFAO,
_c2003.
300 _a56 p. ;
410 0 0 _aFAO
490 0 _aAlimentación y nutrición
_v; 75
590 _aBATCH-UPD
_b10
_c20130110
_lUCH01
_h0151
590 _aBATCH-UPD
_b10
_c20130110
_lUCH01
_h1907
590 _aBATCH-UPD
_b10
_c20130410
_lUCH01
_h1234
590 _aCONVERSION
_b10
_c20130109
_lUCH01
_h1349
650 1 4 _aCampylobacter.
_918167
650 1 4 _aPollos para el asador.
_990272
650 1 4 _aVibrio.
_9119046
810 0 _aFAO
830 0 0 _aAlimentacion y nutricion
_v; 75
_94112
901 _aBK
905 _aAlejandra Carrasco M.
942 _cLIBRO
949 _a641 F3Y v.75
_bBC
_cFAO
_d33724000914891
_eFAO1
_h104344
_i99555
_sb
999 _c88034
_d88034